000 00523nam a2200217Ia 4500
003 OSt
005 20220924135147.0
006 a|||||r|||| 00| 0
007 ta
008 220923b |||||||| |||| 00| 0 ben d
024 _a288810
037 _cTextual
040 _aARTS
_cARTS
_bben
041 _2ben
_aben
082 _aOx, 157M4;N7
100 _aAalim K. A.
_9209815
245 0 _aBani chirntani
260 _c1997
942 _hOx, 157M4;N7
_cTEXL
_2CC
999 _c439852
_d439852